000 00566nam a2200241Ia 4500
003 OSt
005 20220912145607.0
006 a|||||r|||| 00| 0
007 ta
008 220909b |||||||| |||| 00| 0 eng d
024 _a70759
037 _cTextual
040 _aCSL
_beng
_cCSL
041 _aeng
082 _aG0aB, K8
100 _aSmith J Maynard
245 0 _aMathematical ideas in biology
260 _c1968
300 _ap.
_ccm.
650 _aBiology
942 _hG0aB, K8
_cTEXL
_2CC
999 _c34530
_d34530